000 00905nas a2200301 4500
001 BR0104860
003 BR-BrBNA
005 20231205102530.0
007 ta
008 230509b bl.|||p| |||| 00| 00por d
040 _aBR-BrBNA
_bpor
_cBiblioteca Nacional de Agricultura
041 _a(Pt)
072 _aL70
100 1 _aBraga Sobrinho, C.
100 1 _aFantoni, D.T.
100 1 _aBechara, J.N.
100 1 _aOtsuki, D.A.
100 1 _aSafatle, A.V.
100 1 _aBarros, P.S. de M.
245 1 _aAvaliacao do bloqueio neuromuscular promovido pelo vecuronio e seus efeitos hemodinamicos em caes submetidos a facectomia
650 _aCao
650 _aCirurgia
650 _aAnestesia
650 _aVeterinaria
773 0 _tBioscience Journal (Brazil)
_xISSN 1516-3725
_g(Jun 2001), v. 17(1) p. 37-47
_wBR0104860
909 _a202311
_bLúcia
_c55
_dLúcia Elande
942 _2AGRIS
_n0
_cANA
999 _c168043
_d168043